Teilhard de Chardin

محفوظ في:
التفاصيل البيبلوغرافية
المؤلف الرئيسي: Grenet, Paul-Bernard (مؤلف)
التنسيق: كتاب
اللغة:الفرنسية
منشور في: París Seghers 1961
سلاسل:Savants du monde entier
الموضوعات:
الوسوم: إضافة وسم
لا توجد وسوم, كن أول من يضع وسما على هذه التسجيلة!

MARC

LEADER 00000nam a2200000 a 4500
001 UCZ3214
003 CL-VaPUC
008 951020e19610000FR |||||||||||||||||fre|d
082 0 4 |a 194  |b GRE  |2 21 
100 |a Grenet, Paul-Bernard  |e author  |9 539891 
245 1 0 |a Teilhard de Chardin 
300 |a 223 p 
942 |c BK 
945 |d 19951020 00:00:00  |a rleighto 
260 |a París  |b Seghers  |c 1961 
600 0 7 |a DE CHARDIN, TEILHARD  |2 CL-VaPUC  |9 347030 
650 0 |a Filosofía francesa   |9 255698 
650 0 |a Crítica e interpretación   |9 255042 
583 |a last modification  |c 19951020 00:00:00  |k Rodrigo Vera 
490 0 |a Savants du monde entier 
999 |c 239711  |d 239709 
952 |0 0  |1 0  |4 0  |6 194_000000000000000_GRE_1961  |7 0  |8 P  |9 251026  |a BIBEDU  |b BIBEDU  |c BIBEDU_PB  |d 2019-11-18  |i 3130010  |o 194 GRE 1961  |p 3130010  |r 2024-01-25  |w 2019-11-18  |y BK  |k FIL